000 00656nam a2200241Ia 4500
003 OSt
005 20220925213104.0
006 a|||||r|||| 00| 0
007 ta
008 220923b |||||||| |||| 00| 0 eng d
020 _a0804726795
037 _cGeneral Book
040 _aRTL
_cRTL
_beng
041 _2eng
_aeng
082 _aY9(4):6, N5
100 _aTHOMPSON John B
245 0 _aMedia and modernity
_b A social theory of the media
260 _aLondon
_bBlackwell Publishers
_c1995
300 _avii, 314p
_ccm.
650 _aMEDIA
942 _hY9(4):6, N5
_cGB
_2CC
999 _c561965
_d561965